Rossella Corazzin: una misteriosa scomparsa
| Authors: | ; ; |
|---|---|
| Format: | Print Book |
| Language: | Italian |
| Published: |
Bologna
Minerva
marzo 2022
|
| In: | Year: 2022 |
| Online Access: |
Table of Contents Blurb |
| Availability in Tübingen: | Present in Tübingen. UB: KB 21 A 2764 |
| Check availability: | HBZ Gateway |
| Subito Delivery Service: | Order now. |
| Keywords: |
MARC
| LEADER | 00000cam a2200000 c 4500 | ||
|---|---|---|---|
| 001 | 1801240175 | ||
| 003 | DE-627 | ||
| 005 | 20251226202148.0 | ||
| 007 | tu | ||
| 008 | 220510s2022 it ||||| 00| ||ita c | ||
| 020 | |a 9788833244259 |c : (20.00 EUR) |9 978-88-3324-425-9 | ||
| 035 | |a (DE-627)1801240175 | ||
| 035 | |a (DE-599)KXP1801240175 | ||
| 035 | |a (OCoLC)1329410359 | ||
| 035 | |a (ZDB-21-EIL)5036294 | ||
| 040 | |a DE-627 |b ger |c DE-627 |e rda | ||
| 041 | |a ita | ||
| 044 | |c XA-IT | ||
| 050 | 0 | |a HV | |
| 082 | 0 | |a 364 | |
| 084 | |a 2,1 |2 ssgn | ||
| 100 | 1 | |a Battara, Giacomo |e VerfasserIn |0 (DE-588)1279881828 |0 (DE-627)1833064542 |4 aut | |
| 109 | |a Battara, Giacomo | ||
| 245 | 1 | 0 | |a Rossella Corazzin |b una misteriosa scomparsa |c Giacomo Battara, Francesco Altan, Emanuele Minca |
| 264 | 1 | |a Bologna |b Minerva |c marzo 2022 | |
| 300 | |a 191 Seiten |b Illustrationen |c 21 cm | ||
| 336 | |a Text |b txt |2 rdacontent | ||
| 337 | |a ohne Hilfsmittel zu benutzen |b n |2 rdamedia | ||
| 338 | |a Band |b nc |2 rdacarrier | ||
| 490 | 0 | |a Profili criminali | |
| 500 | |a On the disappearance of R. Corazzin | ||
| 500 | |a Includes bibliographical references (pages 188-191) | ||
| 583 | 1 | |a Archivierung/Langzeitarchivierung gewährleistet |f FID |x XA-DE-BW |2 pdager |5 DE-21 | |
| 689 | 0 | 0 | |d g |0 (DE-588)4027833-5 |0 (DE-627)106283235 |0 (DE-576)208972501 |a Italien |2 gnd |
| 689 | 0 | 1 | |d s |0 (DE-588)4165725-1 |0 (DE-627)105438022 |0 (DE-576)209897333 |a Kriminalfall |2 gnd |
| 689 | 0 | 2 | |d s |0 (DE-588)4078782-5 |0 (DE-627)106076329 |0 (DE-576)20921001X |a Verbrechensopfer |2 gnd |
| 689 | 0 | 3 | |d s |0 (DE-588)4036926-2 |0 (DE-627)104331887 |0 (DE-576)209021268 |a Mafia |2 gnd |
| 689 | 0 | 4 | |d s |0 (DE-588)4051735-4 |0 (DE-627)106175386 |0 (DE-576)209095016 |a Satanismus |2 gnd |
| 689 | 0 | 5 | |d s |0 (DE-588)4123227-6 |0 (DE-627)104774541 |0 (DE-576)209557923 |a Freimaurer |2 gnd |
| 689 | 0 | |5 (DE-627) | |
| 700 | 1 | |a Altan, Francesco |e VerfasserIn |0 (DE-588)1279883502 |0 (DE-627)1833065557 |4 aut | |
| 700 | 1 | |a Minca, Emanuele |e VerfasserIn |0 (DE-588)1279884428 |0 (DE-627)1833066103 |4 aut | |
| 856 | 4 | 2 | |u https://swbplus.bsz-bw.de/bsz1801240175inh.htm |m V:DE-576 |m B:DE-21 |v 20230209160603 |3 Inhaltsverzeichnis |7 1 |
| 856 | 4 | 2 | |u https://swbplus.bsz-bw.de/bsz1801240175kla.htm |m V:DE-576 |m B:DE-21 |v 20230209160603 |3 Klappentext |7 1 |
| 951 | |a BO | ||
| ELC | |b 1 | ||
| LOK | |0 000 xxxxxcx a22 zn 4500 | ||
| LOK | |0 001 4149314195 | ||
| LOK | |0 003 DE-627 | ||
| LOK | |0 004 1801240175 | ||
| LOK | |0 005 20230202131514 | ||
| LOK | |0 008 220614||||||||||||||||ger||||||| | ||
| LOK | |0 040 |a DE-21 |c DE-627 |d DE-21 | ||
| LOK | |0 852 |a DE-21 | ||
| LOK | |0 852 1 |c KB 21 A 2764 |9 00 | ||
| LOK | |0 935 |a krim | ||
| LOK | |0 938 |a 2302 |f 34 | ||
| LOK | |0 939 |a 14-06-22 |b l01 | ||
| ORI | |a SA-MARC-krimdoka001.raw | ||
| SIG | |a UB: KB 21 A 2764 | ||
| TIM | |a 100018610317_100020261231 |b 1861-03-17 - 2026 | ||
